Normal view
MARC view
- Management science
Entry Topical Term
001 - CONTROL NUMBER
- control field: 85126
003 - CONTROL NUMBER IDENTIFIER
- control field: NUST
005 - DATE AND TIME OF LATEST TRANSACTION
- control field: 20211125114334.0
008 - FIXED-LENGTH DATA ELEMENTS
- fixed length control field: 211125|| aca||aabn | a|a d
040 ## - CATALOGING SOURCE
- Original cataloging agency: NUST
- Transcribing agency: NUST
150 ## - HEADING--TOPICAL TERM
- Topical term or geographic name entry element: Management science
- General subdivision: Computer simulation
670 ## - SOURCE DATA FOUND
- Source citation: Work cat.: (NUST)32054: Ragsdale, Cliff T., 1960- 85125, Spreadsheet Modeling & Decision Analysis :, c2007.
